Online Catalogue and eLibrary

Women's Liberation (Record no. 1732)

MARC details
000 -LEADER
fixed length control field 00512nam a2200217Ia 4500
005 - DATE AND TIME OF LATEST TRANSACTION
control field 20250217061102.0
008 - FIXED-LENGTH DATA ELEMENTS--GENERAL INFORMATION
fixed length control field 240331s9999 xx 000 0 und d
082 ## - DDC Classification
Item Number - Author Mark ADE
DDC Edition Number 316
Class No. 305.4
245 #0 - TITLE STATEMENT
Title Women's Liberation
260 ## - PUBLICATION, DISTRIBUTION, ETC.
Place of publication, distribution, etc. New York
Name of publisher, distributor, etc. St. Martin's Press
Date of publication, distribution, etc. 1972
300 ## - PHYSICAL DESCRIPTION
Extent (e.g. Volumes, Pages etc.) v, 150 p.,
650 ## - SUBJECT ADDED ENTRY--TOPICAL TERM
Topical term or geographic name entry element Women
650 ## - SUBJECT ADDED ENTRY--TOPICAL TERM
Topical term or geographic name entry element Motherhood
650 ## - SUBJECT ADDED ENTRY--TOPICAL TERM
Topical term or geographic name entry element Liberation
650 ## - SUBJECT ADDED ENTRY--TOPICAL TERM
Topical term or geographic name entry element Politics
650 ## - SUBJECT ADDED ENTRY--TOPICAL TERM
Topical term or geographic name entry element War
650 ## - SUBJECT ADDED ENTRY--TOPICAL TERM
Topical term or geographic name entry element Labour
700 ## - ADDED ENTRY--PERSONAL NAME
Personal name Adelstein, M. E
Relator term (Role) Editor
700 ## - ADDED ENTRY--PERSONAL NAME
Personal name Pival, J. G
Relator term (Role) Editor
942 ## - Koha item type (Biblio)
Koha item type Books in Stacks (Lending)
Holdings
Lost status Damaged status Collection code Home library Current library Shelving location Date acquired Full call number Accession Number Item type
    Lending WERC Library WERC Library Social Science Cupboard 03/31/2024 305.4 WOM 316 Books in Stacks (Lending)

© WERC Library